[Event "Titled Tuesday intern op 22nd June"]
[Site "Chess.com INT"]
[Date "2021.06.22"]
[Round "4"]
[White "Onischuk, Vasilisa"]
[Black "Mamedyarov, Shakhriyar"]
[Result "1-0"]
[WhiteElo "2622"]
[BlackElo "2770"]
[PlyCount "89"]
[EventDate "2021.06.22"]
[EventType "swiss (blitz)"]
[EventRounds "11"]
[EventCountry "USA"]
[SourceTitle "CBM 203 Extra"]
[Source "ChessBase"]
[SourceDate "2021.09.30"]
[SourceVersion "1"]
[SourceVersionDate "2021.09.30"]
[SourceQuality "1"]

1. e4 e5 2. Nf3 Nc6 3. Bb5 g6 4. 0-0 Bg7 5. Re1 a6 6. Ba4 Nge7 7. c3 0-0 8. d3 d6 9. Nbd2 h6 10. Nf1 f5 11. Bb3+ Kh7 12. exf5 Nxf5 13. h3 Nh4 14. N1h2 Qf6 15. Re4 Nxf3+ 16. Nxf3 g5 17. Qe2 Bf5 18. Bd5 Ne7 19. Bxb7 Ra7 20. Rb4 c5 21. Rb3 d5 22. c4 Qd6 23. Bxd5 Nxd5 24. cxd5 Qxd5 25. Be3 Rd7 26. Ne1 e4 27. dxe4 Bxe4 28. Rc1 Rc8 29. Qxa6 Rc6 30. Qc4 Qf5 31. Rb5 Bd5 32. Qc2 Be4 33. Qe2 Qe6 34. Rbxc5 Rxc5 35. Bxc5 Qf5 36. b4 h5 37. Qxh5+ Bh6 38. Rd1 Rf7 39. Qg4 Qe5 40. Rd7 Bd5 41. Rxf7+ Bxf7 42. Nf3 Qa1+ 43. Kh2 Qf6 44. Qe4+ Bg6 45. Qe7+ 1-0